| 000 | 02800cam a2200457 i 4500 | ||
|---|---|---|---|
| 001 | 22398024 | ||
| 003 | OSt | ||
| 005 | 20260305141023.0 | ||
| 008 | 220126t20242024enkabe b 001 0 eng d | ||
| 010 | _a 2022931471 | ||
| 020 |
_a0500204888 _q(paperback) |
||
| 020 |
_a9780500204887 _q(paperback) |
||
| 035 | _a22398024 | ||
| 035 | _a(OCoLC)1365053225 | ||
| 040 |
_aYDX _beng _erda _cYDX _dBDX _dOCLCO _dOCLCQ _dOCLCL _dYDX _dOCLCO _dYDX _dOCLCQ _dYBM _dDLC |
||
| 042 | _alccopycat | ||
| 050 | 0 | 0 |
_aNA1053.J4 _bF69 2024 |
| 082 | 0 | 4 |
_a720.92 F69 2024 _221/eng/20231120 _qOCoLC |
| 100 | 1 |
_aFrampton, Kenneth, _eauthor. _1https://id.oclc.org/worldcat/entity/E39PBJpjfT7XhfBt7hFK7CFkDq |
|
| 245 | 1 | 0 |
_aLe Corbusier / _cKenneth Frampton. |
| 250 | _aNew edition. | ||
| 264 | 1 |
_aLondon : _bThames & Hudson Ltd, _c2024. |
|
| 264 | 4 | _c©2024 | |
| 300 |
_a277 pages : _billustrations (some color), maps, plans ; _c22 cm. |
||
| 336 |
_atext _btxt _2rdacontent |
||
| 336 |
_astill image _bsti _2rdacontent |
||
| 337 |
_aunmediated _bn _2rdamedia |
||
| 338 |
_avolume _bnc _2rdacarrier |
||
| 490 | 1 | _aWorld of Art. | |
| 500 | _aFirst published 2001. | ||
| 504 | _aIncludes bibliographical references (pages 265-268) and index. | ||
| 520 | _aA revised and updated edition of a bestselling introduction to Le Corbusier, one of the leading architects of the twentieth century. Le Corbusier is one of the most famous architects of the twentieth century. The richness and variety of his work combined with his passionately expressed philosophy of architecture have had an immense impact on the urban fabric and the way we live. Weaving through his long and prolific life are certain recurrent themes -- his perennial drive toward new types of dwelling, such as the early white villas to the Unité d'Habitation at Marseilles; his evolving concepts of urban form, including the Plan Voisin of 1925 with its cruciform towers imposed on the city of Paris and his work at Chandigarh in India; and his belief in a new technocratic order. The distinguished critic and architecture historian Kenneth Frampton reexamines all facets of the architect's artistic and philosophical worldview in light of recent thinking and presents us with a Le Corbusier whose work is still relevant for the twenty-first century. This second edition of Le Corbusier features a new introduction and color illustrations. | ||
| 600 | 0 | 0 |
_aLe Corbusier, _d1887-1965 _xCriticism and interpretation. |
| 650 | 0 |
_aArchitecture, Modern _y20th century. |
|
| 650 | 6 |
_aArchitecture _y20e siècle. |
|
| 830 | 0 | _aWorld of art. | |
| 906 |
_a7 _bcbc _ccopycat _d2 _encip _f20 _gy-gencatlg |
||
| 942 |
_2ddc _cBK-EN _n0 |
||
| 999 |
_c8583 _d8583 |
||